01332cam a2200289 i 450000100090000000300050000900500170001400800410003101000170007202000250008903500200011404000280013404200080016205000230017006000110019308200110020410000350021524504800025024600580073025000180078826000450080630000570085150000510090865000180095965000270097770000380100417874350PILC20160523115555.0130903s2014 paua b 001 0 eng  a 2013035677 a9781451188769 (pbk.) a(DNLM)101616263 aDNLM/DLCcDLCerdadDLC apcc00aRS 200b.Al57 201410aQV 78600a615/.11 aAllen, Loyd V.,cJr.,eauthor.10aAnsel's pharmaceutical dosage forms and drug delivery systems /cLoyd V. Allen, Jr., PhD, Professor and Chair Emeritus, Department of Medicinal Chemistry and Pharmaceutics, College of Pharmacy, University of Oklahoma, University of Oklahoma Health Sciences Center, Oklahoma City, Oklahoma, Editor-in-Chief, International Journal of Pharmaceutical Compounding, Howard C. Ansel, PhD, Professor and Dean Emeritus, College of Pharmacy, The University of Georgia, Athens, Georgia.1 aPharmaceutical dosage forms and drug delivery systems a10th edition. aPhiladelphia : bWolters Kluwer, c2014. axi, 794 pages :billustrations (some color) ;c26 cm aIncludes bibliographical references and index.12aDosage Forms.22aDrug Delivery Systems.1 aAnsel, Howard C.,d1933-eauthor.